<The> Importance of marketing the young people's health policy

Alternatívy spojené s propagáciou a realizáciou aktivít, ktoré pomáhajú eliminovať riziká vzniku civilizačných chorôb. Výsledky výskumu ako podklad na analýzu rizík výskytu civilizačných chorôb s dôrazom na úlohu marketingu z perspektívy prevencie výskytu u mladých ľudí.

Saved in:
Bibliographic Details
Main Author: Lieskovská, Vanda, 1961-
Other Authors: Megyesiová, Silvia, 1969-
Format: Book Chapter
Language:English
Subjects:
Tags: Add Tag
No Tags, Be the first to tag this record!

MARC

LEADER 00000naa$a2200000$$$4500
001 0240149
005 20240502073910.0
041 0 |a eng 
044 |a SK 
245 1 0 |a <The> Importance of marketing the young people's health policy  |c Vanda Lieskovská, Silvia Megyesiová 
520 |a Alternatívy spojené s propagáciou a realizáciou aktivít, ktoré pomáhajú eliminovať riziká vzniku civilizačných chorôb. Výsledky výskumu ako podklad na analýzu rizík výskytu civilizačných chorôb s dôrazom na úlohu marketingu z perspektívy prevencie výskytu u mladých ľudí. 
610 2 0 |a zdravotníctvo 
610 2 0 |a politika zdravotná 
610 2 0 |a mládež 
610 2 0 |a chorobnosť 
610 2 0 |a prevencia 
610 2 0 |a marketing 
100 1 |a Lieskovská, Vanda, 1961- 
700 1 |a Megyesiová, Silvia, 1969-